Central Library OPAC University of Rajshahi
Normal view MARC view

Entry Topical Term

Number of records used in: 1

001 - CONTROL NUMBER

  • control field: 7104

003 - CONTROL NUMBER IDENTIFIER

  • control field: BD-RjUL

005 - DATE AND TIME OF LATEST TRANSACTION

  • control field: 20230301173850.0

008 - FIXED-LENGTH DATA ELEMENTS

  • fixed length control field: 230301|| aca||aabn | a|a d

040 ## - CATALOGING SOURCE

  • Original cataloging agency: BD-RjUL
  • Transcribing agency: BD-RjUL

150 ## - HEADING--TOPICAL TERM

  • Topical term or geographic name entry element: Pest Management
  • General subdivision: Pesticides
  • Form subdivision: Vegetables Fields

670 ## - SOURCE DATA FOUND

  • Source citation: Work cat.: (BD-RjUL)81269: Sardar, A.F.M. Arif 7103, Combination of Different Indigenous Botanicals for Development and Formulation of Eco-friendly Pesticides for Sustainable Pest Management in Vegetables Fields :, 2015